000 01024nas a2200313 4500
001 BR7807465
003 BR-BrBNA
005 20231205083556.0
007 ta
008 230509b bl.|||p| |||| 00| 00por d
040 _aBR-BrBNA
_bpor
_cBiblioteca Nacional de Agricultura
041 _a(Pt)
072 _aK10; E15
100 1 _aSpeltz, G.E.
100 1 _aDissmann, W.
111 1 _a3. Congresso Florestal Brasileiro
_cManaus, AM (Brazil)
_d4 Dec 1978
245 1 _aAspectos economicos da desrama artificial em Pinus tropicais [Triangulo Mineiro, Pirapora, Minas Gerais, Brasil, pinheiro]
_bAnais do 3. Congresso Florestal Brasileiro - v. 2
650 _aMICROECONOMIA
650 _aDESBASTE
650 _aCUSTO
650 _aINVESTIMENTO
650 _aPINHEIRO
650 _aTRIANGULO MINEIRO
650 _aPIRAPORA
650 _aMINAS GERAIS
773 0 _tSilvicultura (Brazil)
_xISSN 0100-3615
_g(1978), (no. 14) p. 311-314
_wBR7807465
909 _a202311
_bLúcia
_c55
_dLúcia Elande
942 _2AGRIS
_n0
_cANA
999 _c99799
_d99799